00613nam a2200193Ia 4500008004100000020001500041082001700056100002100073245003700094250000800131260004100139300002700180500000700207600003300214650001600247942000700263952013400270999001500404240925s9999 xx 000 0 und d a9971512831 a510.2462 KRE aKreyszing, Erwin 0aAdvanced Engineering Mathematics a8th aNew York:bJohn Wiley & Sonsc,2004. ax,355p.bNAfPhotocopy aNA aHumanities & Natural Science aMathematics cBK 001040708HUMaUITUbUITUd2004-10-27eRoyal Book Company g673.50l0o510.2462 KREpQ5836r2024-09-25 07:13:59w2024-09-25yBK c8335d8335